| 000 | 00576nam a2200181 i 4500 | ||
|---|---|---|---|
| 001 | 164665 | ||
| 003 | ES-MaACL | ||
| 005 | 20230906212958.0 | ||
| 008 | 050804s1857 fr | |||||||| ||fre d | ||
| 040 |
_aCAM _bspa _cCAM |
||
| 100 | 1 |
_aSand, George, _d1804-1876 _9103060 |
|
| 245 | 1 | 0 |
_aJacques / _cpar George Sand. |
| 250 | _aNouvelle éd. | ||
| 260 |
_aParis : _bMichel Lévy frères : _bJ. Hetzel et c\pie\s, _c1857 ( _fTyp. de M\pme\s V\pe\s Dondey-Dupre) |
||
| 300 |
_a353 p. ; _c17 cm. |
||
| 852 |
_aES-MaACL _jG-14536 _z-- Enc. hol. |
||
| 999 |
_c164665 _d164665 |
||